Pogrešnosti ot temperaturnych deformacij pri linejnych izmerenijach /
Salvato in:
| Autori principali: | , |
|---|---|
| Natura: | Libro |
| Lingua: | russo |
| Pubblicazione: |
Moskva :
Mašinostrojenije,
1976
|
| Soggetti: | |
| Tags: |
Nessun Tag, puoi essere il primo ad aggiungerne!!
|
MARC
| LEADER | 00000nam a22000003a 4500 | ||
|---|---|---|---|
| 001 | stu38988 | ||
| 005 | 20150617225723.8 | ||
| 008 | 921209s1976----xxr-----------------rus-d | ||
| 040 | |a STU |b slo | ||
| 041 | 0 | |a rus | |
| 044 | |a xxr | ||
| 080 | |a 539.377 | ||
| 100 | 1 | |a Markov, N.N |4 aut | |
| 245 | 1 | |a Pogrešnosti ot temperaturnych deformacij pri linejnych izmerenijach / |c [aut.]N.N. Markov, P.A. Sacerdotov | |
| 260 | |a Moskva : |b Mašinostrojenije, |c 1976 | ||
| 300 | |a 230 s | ||
| 650 | 7 | |a Deformácie tepelné |2 stusub | |
| 650 | 7 | |a meranie lineárne |2 stusub | |
| 700 | 1 | |a Sacerdotov, P.A |4 aut | |
| 996 | |b 284J020757 |c J*51333 |l JJSK |s A |a 24 |w stu38988_0001 | ||
| 996 | |b 284M003354 |c M*4364-1 |l MMKN |s A |a 24 |w stu38988_0002 | ||